उपकार वायु सैनिक भारती परीक्षा / (Record no. 121542)

MARC details
000 -LEADER
fixed length control field 00988nam a22002297a 4500
005 - DATE AND TIME OF LATEST TRANSACTION
control field 20170124103216.0
010 ## - LIBRARY OF CONGRESS CONTROL NUMBER
LC control number B-044524
020 ## - INTERNATIONAL STANDARD BOOK NUMBER
Terms of availability 90.00
035 ## - SYSTEM CONTROL NUMBER
System control number B-044524
037 ## - SOURCE OF ACQUISITION
Source of stock number/acquisition Cen Lib/Ret
040 ## - CATALOGING SOURCE
Original cataloging agency DPL
Language of cataloging HN
082 ## - DEWEY DECIMAL CLASSIFICATION NUMBER
Classification number 000
Item number जैनए
100 ## - MAIN ENTRY--PERSONAL NAME
Personal name जैन, एस.
9 (RLIN) 133839
245 ## - TITLE STATEMENT
Title उपकार वायु सैनिक भारती परीक्षा /
Statement of responsibility, etc एस.जैन
246 ## - VARYING FORM OF TITLE
Title proper/short title Upkar vayu sainik bharti pariksha /
Remainder of title by S. Jain
260 ## - PUBLICATION, DISTRIBUTION, ETC. (IMPRINT)
Place of publication, distribution, etc आगरा
Name of publisher, distributor, etc उपकार प्रकाशन
270 ## - ADDRESS
City आगरा
Address 2/11 ए, स्वदेशी बीमा नगर (शाह सिनेमा के सामने )
Postal code 282002
300 ## - PHYSICAL DESCRIPTION
Extent भिन्न पृष्ठ
Dimensions 22सेमी(सजिल्द )
650 ## - SUBJECT ADDED ENTRY--TOPICAL TERM
Topical term or geographic name as entry element वायु सैनिक -- परीक्षा
General subdivision
Geographic subdivision
9 (RLIN) 96764
650 ## - SUBJECT ADDED ENTRY--TOPICAL TERM
Topical term or geographic name as entry element Air soldier-- Exam -- Uttar Pradesh
9 (RLIN) 99272
942 ## - ADDED ENTRY ELEMENTS (KOHA)
Source of classification or shelving scheme Dewey Decimal Classification
Koha item type Hindi Books
Classification part 000
Call number suffix जैनए
Holdings
Withdrawn status Lost status Damaged status Not for loan Home library Current library Date acquired Source of acquisition Cost, normal purchase price Total Checkouts Full call number Barcode Date last seen Copy number Cost, replacement price Price effective from Koha item type
        Central Library Central Library 09/10/2015 Cen Lib/Ref 90.00   000 जैनए B-044524 09/10/2015 1 90.00 09/10/2015 Hindi Books
        Central Library Central Library 16/02/2016 Cen Lib/Ret 90.00   000 जैनए B-044522 16/02/2016 2 90.00 16/02/2016 Hindi Books

© Delhi Public Library
Hit Counter
free hit counter